[Event "IOM Open-Masters 2017"]
[Site "Douglas"]
[Date "2017.09.24"]
[Round "2"]
[White "Ledger, Andrew J"]
[Black "Ju, Wenjun"]
[Result "1/2-1/2"]
[WhiteElo "2361"]
[BlackElo "2574"]
[Annotator "TA"]
[PlyCount "121"]
[EventDate "2017.??.??"]
[EventType "swiss"]
[EventCountry "GBR"]
[SourceTitle "playchess.com"]
[Source "ChessBase"]
[SourceQuality "1"]

{[%evp 18,121,22,18,23,0,8,0,0,0,0,0,0,-9,0,-18,0,-16,0,-29,0,-18,0,-21,-24,-83,-50,-146,-133,-140,-147,-123,-141,-333,-314,-284,-224,-239,-127,-128,-91,-644,-663,-656,-656,-621,-587,-554,0,0,0,0,0,0,0,0,0,0,0,0,0,0,0,0,0,0,0,0,0,0,0,0,0,0,0,0,0,0,0,0,0,0,0,0,0,0,0,0,0,0,0,0,0,0,0,0,0,0,0,0,0,0,0,0,0,0]} 1. c4 Nf6 2. Nf3 e6 3. Nc3 d5 4. e3 a6 (4... Be7 5. b3 O-O 6. Bb2 dxc4 7. Bxc4 c5 8. d4 cxd4 9. Nxd4 a6 10. Be2 b5 11. O-O Bb7 12. Bf3 Qb6 13. a4 Nc6 14. Nxc6 Bxc6 15. Bxc6 Qxc6 16. axb5 axb5 17. Rxa8 Rxa8 {½-½ (27) Zhou,J (2617)-Matlakov,M (2691) Moscow 2016}) 5. b3 b6 6. Bb2 {A17: English Opening: 1...Nf6 with ...Bb4} Bd6 7. g3 $146 ({Predecessor:} 7. d4 Nbd7 8. Bd3 Bb7 9. Qc2 Qe7 10. a3 O-O 11. e4 dxe4 12. Nxe4 Nxe4 13. Bxe4 Bxe4 14. Qxe4 {1-0 (76) Cao,S (2433)-Duong,T (2317) Ho Chi Minh City 2015}) 7... Bb7 8. Bg2 O-O 9. O-O Nbd7 {[%cal Bb8d7,Bd7f6,Bf6d5][%mdl 32]} 10. d4 {LiveBook: 3 Games} Ne4 11. cxd5 exd5 12. Nxe4 (12. Ne2 {is interesting.} Re8 13. Nf4 c6 14. Re1 a5 15. Rc1) 12... dxe4 13. Nd2 f5 14. Nc4 Nf6 15. Rc1 Qe7 16. Qd2 Nd5 17. a3 h5 18. Qe2 g6 19. Ne5 Kh7 20. f3 Nf6 21. Nc6 (21. Rfe1 $11 {keeps the balance.}) 21... Qe8 (21... Bxc6 {seems wilder.} 22. Rxc6 exf3 23. Bxf3 Rae8 24. b4 h4) 22. d5 (22. Ne5 $15) 22... Nxd5 $17 23. fxe4 Bxc6 24. Rxc6 Qxc6 25. Rxf5 $2 (25. exf5 $17 {was called for.} Bc5 26. fxg6+ Qxg6 27. Bxd5 Rxf1+ 28. Kxf1) 25... Rxf5 26. exf5 Bc5 {aiming for ...Re8.} ({Not} 26... Rf8 27. fxg6+ Kxg6 28. Qd3+ Kh6 29. Bxd5 $17) 27. fxg6+ {[#]} Qxg6 (27... Kh6 $1 $19 28. b4 Bxe3+ 29. Qxe3+ Nxe3 30. Bxc6 Rf8) 28. Bxd5 Re8 29. Kg2 $2 {[%mdl 8192]} (29. Bc1 $17) 29... Rxe3 $19 30. Qc4 {If White can now play b4 this consolidates a bit.} Re1 31. Bd4 Bxd4 32. Qxd4 {[%mdl 4096] Endgame White hopes to continue with Bc4. KQR-KQB} Qg4 $2 ({Black should play} 32... Qc2+ $19 33. Kh3 Re2) 33. Qd3+ $11 {The position is equal.} Qg6 {[#]} 34. Bg8+ $1 {[%mdl 512]} Kg7 (34... Kh6 $5 35. Qd2+ $8 Kg7 36. Qxe1 Kxg8 $11) (34... Kxg8 35. Qxg6+) 35. Qc3+ Kxg8 36. Qxe1 {KQ-KQ} Qc2+ 37. Kg1 Qxb3 38. Qe8+ Kg7 39. Qe5+ Kg6 40. Qxc7 Qe3+ 41. Kg2 Qe2+ 42. Kg1 Qd1+ 43. Kf2 Qd2+ 44. Kf3 Qd5+ 45. Kf4 Qf5+ 46. Ke3 Qe6+ 47. Kd4 b5 48. Qc2+ Kf6 49. Qc7 Kg6 50. Qc2+ Kf6 51. Qc7 Qg4+ 52. Ke3 Qg5+ 53. Qf4+ Qxf4+ 54. Kxf4 {K3P-K3P} a5 55. Ke4 b4 56. axb4 axb4 57. h3 b3 {( -> ...b2)} 58. Kd3 Ke5 (58... b2 $5 59. Kc2 $8 Ke5 $11) 59. Kc3 Ke4 60. g4 {Threatens to win with g5.} hxg4 61. hxg4 {Precision: White = 49%, Black = 52%.} 1/2-1/2

[Event "IOM Open-Masters 2017"]
[Site "Douglas"]
[Date "2017.09.24"]
[Round "2"]
[White "Paul, Johannes"]
[Black "Jonsson, Gauti Pall"]
[Result "1-0"]
[WhiteElo "2335"]
[BlackElo "2011"]
[Annotator "ChessBase"]
[PlyCount "75"]
[EventDate "2017.??.??"]
[EventType "swiss"]
[EventCountry "GBR"]
[SourceTitle "playchess.com"]
[Source "ChessBase"]
[SourceQuality "1"]
[TimeControl "40/6000+30:20/3000+30:900+30"]

1. d4 d5 2. c4 c6 3. Nf3 Nf6 4. e3 g6 5. Nc3 Bg7 6. cxd5 cxd5 7. Qa4+ Nc6 8. Ne5 Bd7 9. Bb5 Nb8 10. Bd2 O-O 11. Nxd7 Nbxd7 12. Bxd7 Nxd7 13. Nxd5 e5 14. dxe5 Nxe5 15. Qb3 Rc8 16. Rd1 Qh4 17. O-O b6 18. f4 Nd7 19. Be1 Qd8 20. f5 Nc5 21. Qc4 gxf5 22. Rxf5 Qe8 23. Bc3 Ne4 24. Qxc8 Qxc8 25. Ne7+ Kh8 26. Bxg7+ Kxg7 27. Nxc8 Rxc8 28. Rd7 Nf6 29. Rxa7 Rc2 30. Rf2 Rc1+ 31. Rf1 Rc2 32. Rf2 Rc1+ 33. Rf1 Rc2 34. b4 Rb2 35. e4 Rxb4 36. e5 Ne4 37. Raxf7+ Kg6 38. R7f4 1-0

[Event "IOM Open-Masters 2017"]
[Site "Douglas"]
[Date "2017.09.24"]
[Round "2"]
[White "Jessel, Stephen"]
[Black "Lenderman, Aleksandr"]
[Result "0-1"]
[WhiteElo "2334"]
[BlackElo "2565"]
[Annotator "TA"]
[PlyCount "82"]
[EventDate "2017.??.??"]
[EventType "swiss"]
[EventCountry "GBR"]
[SourceTitle "playchess.com"]
[Source "ChessBase"]
[SourceQuality "1"]

{[%evp 10,82,0,0,0,0,0,0,0,0,0,0,0,0,18,0,14,25,20,12,16,0,5,2,2,4,10,0,5,7,43,0,0,0,7,0,0,-8,0,-83,-83,-83,-83,-86,-85,-85,-86,-89,-89,-404,-402,-402,-390,-403,-400,-389,-385,-416,-379,-624,-607,-1828,-1747,-1706,-1493,-1714,-1451,-3370,-2097,-3522,-3346,-12840,-12840,-12841,-12841]} 1. Nf3 d5 2. c4 c6 3. g3 Nf6 4. Bg2 Bf5 5. cxd5 cxd5 6. Qb3 Nc6 {A11: English Opening: 1...c6} 7. O-O e5 8. Nc3 $146 ({Predecessor:} 8. d3 Qd7 9. Bg5 Be7 10. Nc3 Be6 11. d4 e4 12. Ne5 Nxe5 13. dxe5 d4 14. Qc2 dxc3 15. exf6 gxf6 {½-½ (48) Andriasian,Z (2611)-Volkov,S (2584) Kazan 2014}) 8... a6 {The position is equal.} 9. d3 h6 10. e4 dxe4 11. dxe4 Be6 $1 {[%cal Re6b3]} 12. Qc2 Bc5 13. Rd1 Nd7 14. Nd5 Rc8 15. Qe2 Bg4 16. Be3 Nd4 17. Bxd4 Bxd4 18. Rac1 Rxc1 19. Rxc1 O-O 20. Qd2 (20. Rc8 $5 {[%cal Rc8d8]} Qa5 21. b4 $14) 20... Bxf3 21. Bxf3 Nb6 22. Nxb6 Qxb6 23. Bg4 g6 24. Rc8 (24. Bd1 $11 {remains equal.}) 24... Rxc8 $17 ({Much worse is} 24... Qxb2 $6 25. Qxb2 Bxb2 26. Rxf8+ Kxf8 27. Bc8 $11) 25. Bxc8 Qc6 26. Bh3 Qxe4 {White must now prevent ...Qb1+.} 27. b3 h5 $36 {[%mdl 2048] Black is on the roll.} 28. Bf1 Qf5 29. h4 $2 {[%mdl 8192] [#]} (29. Bg2 $17 {is tougher.}) 29... Qf3 $19 30. Bg2 Qxg3 $1 31. Kf1 Qxh4 32. Bxb7 {[#]} a5 $1 33. Qe2 (33. Qxa5 Qxf2#) 33... Qf4 34. Bd5 $2 (34. Qf3) 34... Kg7 {Black is clearly winning.} 35. Qf3 Qxf3 36. Bxf3 {[%mdl 4096] Endgame KB-KB} f5 37. Bc6 e4 38. Kg2 Kf6 39. Be8 h4 40. f4 exf3+ 41. Kxf3 g5 {Precision: White = 38%, Black = 88%.} 0-1

[Event "IOM Open-Masters 2017"]
[Site "Douglas"]
[Date "2017.09.24"]
[Round "2"]
[White "Rathnakaran, K."]
[Black "Nahnsen, Kenneth"]
[Result "1-0"]
[WhiteElo "2326"]
[BlackElo "2011"]
[Annotator "ChessBase"]
[PlyCount "55"]
[EventDate "2017.??.??"]
[EventType "swiss"]
[EventCountry "GBR"]
[SourceTitle "playchess.com"]
[Source "ChessBase"]
[SourceQuality "1"]
[TimeControl "40/6000+30:20/3000+30:900+30"]

1. e4 d6 2. d4 Nf6 3. Nc3 Nbd7 4. f4 c5 5. e5 cxd4 6. Qxd4 dxe5 7. fxe5 Ng8 8. Nf3 e6 9. Ne4 Qb6 10. Be3 Qxd4 11. Bxd4 Nh6 12. O-O-O Be7 13. Nd6+ Bxd6 14. exd6 Nf5 15. Bf2 Nf6 16. Ne5 Nd7 17. Bb5 a6 18. Bxd7+ Bxd7 19. Bb6 Rc8 20. g4 Nh6 21. Bc7 b5 22. Rhg1 f6 23. Nd3 Nf7 24. Nc5 a5 25. g5 f5 26. Nxe6 Bxe6 27. d7+ Bxd7 28. Rge1+ 1-0

[Event "IOM Open-Masters 2017"]
[Site "Douglas"]
[Date "2017.09.24"]
[Round "2"]
[White "Zwahr, Paul"]
[Black "Deac, Bogdan-Daniel"]
[Result "0-1"]
[WhiteElo "2306"]
[BlackElo "2559"]
[Annotator "TA"]
[PlyCount "76"]
[EventDate "2017.??.??"]
[EventType "swiss"]
[EventCountry "GBR"]
[SourceTitle "playchess.com"]
[Source "ChessBase"]
[SourceQuality "1"]

{[%evp 19,76,10,45,13,20,0,51,52,50,53,59,0,0,0,0,13,53,0,0,0,0,-6,0,-12,-9,-10,-22,-19,-8,-22,-27,-43,0,-326,-327,-413,-401,-539,-527,-672,-667,-618,-509,-638,-485,-550,-444,-398,-379,-528,-355,-345,-304,-771,-706,-751,-601,-29972,-29973]} 1. e4 e6 2. d4 d5 3. Nc3 Nf6 4. e5 Nfd7 5. f4 c5 6. Nf3 Nc6 7. Be3 Be7 8. Qd2 O-O 9. dxc5 Nxc5 {C11: French: Classical System: 4 e5 and 4 Bg5 dxe4} 10. O-O-O Rb8 {LiveBook: 3 Games} (10... Qa5 11. Kb1 Rd8 12. Nd4 Bf8 13. g4 Bd7 14. h4 Rab8 15. Nce2 Qxd2 16. Rxd2 Ne4 17. Rd1 Nxd4 18. Bxd4 {1-0 (34) Adhiban,B (2670)-Korobov,A (2711) Khanty-Mansiysk 2017}) 11. Qf2 Qa5 {Hoping for ...Ne4.The position is equal.} 12. Kb1 Na4 $146 (12... Bd7 $11) ({Predecessor:} 12... b5 13. Bxc5 b4 14. Nb5 Rxb5 15. Bxe7 Nxe7 16. Bxb5 Qxb5 17. Qxa7 {1-0 (26) Berchtenbreiter,M (2339)-Urban,L (2095) Hannover 2012}) 13. Nxa4 $14 Qxa4 14. Nd4 Bd7 15. Bd3 Nb4 16. a3 Nxd3 17. Rxd3 Rfc8 18. g4 (18. Rf1 $14) 18... b5 $1 $11 {[%cal Rb5b4]} 19. Rf1 b4 {[%cal Rb4a3]} 20. b3 bxa3 21. Ka2 Qa6 {[#] And now ...f6 would win.} 22. f5 Bf8 {White must now prevent ...Rc7.} 23. h4 Rb7 ({Don't do} 23... exf5 24. gxf5 Rb7 25. f6 $17) 24. h5 Rbc7 $36 {[%mdl 2048] Threatens to win with ...Rxc2+! Black is more active.} 25. Rd2 Bb4 26. Re2 $2 {[%mdl 8192]} (26. Rc1 $1 $11 {and White stays safe.}) 26... Bb5 $19 ({But not} 26... exf5 27. gxf5 Bb5 28. Nxb5 $19) 27. Nxb5 Qxb5 28. Rc1 a5 {[%cal Ba7a5,Ba5a4][%mdl 32]} 29. Bd4 a4 30. Re3 h6 {[%cal Bh7h6,Bh6g5][%mdl 32]} 31. g5 hxg5 {[#] Strongly threatening ...Be1!} 32. h6 axb3+ 33. Rxb3 {aiming for hxg7.} Qc4 34. c3 {intending hxg7.} Bf8 35. hxg7 Bxg7 36. f6 $2 (36. fxe6 Rb8 37. Rcb1) 36... Rb7 37. Bb6 Rcb8 {( -> ...Rxb6)} 38. Kxa3 Qa6+ {Precision: White = 32%, Black = 73%.} 0-1

[Event "IOM Open-Masters 2017"]
[Site "Douglas"]
[Date "2017.09.24"]
[Round "2"]
[White "Piasetski, Leon"]
[Black "Brunello, Sabino"]
[Result "0-1"]
[WhiteElo "2286"]
[BlackElo "2555"]
[Annotator "TA"]
[PlyCount "74"]
[EventDate "2017.??.??"]
[EventType "swiss"]
[EventCountry "GBR"]
[SourceTitle "playchess.com"]
[Source "ChessBase"]
[SourceQuality "1"]

{[%evp 15,74,-7,-7,-25,-23,-37,0,-4,-17,-35,24,25,34,5,26,-16,-16,-16,-16,-16,-14,-10,-16,-8,-17,-15,-23,-18,-21,-15,0,-28,-8,-31,0,-29,-25,-10,-12,-65,0,-29,-29,-154,-160,-245,-220,-400,-399,-395,-400,-606,-606,-606,-603,-602,-599,-594,-592,-627,-620]} 1. Nf3 Nf6 2. g3 b5 3. Bg2 Bb7 4. O-O e6 5. d3 c5 6. e4 d6 7. Nh4 {A05: Réti Opening: 1 Nf3 Nf6} (7. a4 b4 8. Nbd2 Be7 9. Nc4 O-O 10. Re1 Nbd7 11. Bf4 d5 12. Nd6 Bc6 13. Ng5 Nb6 14. Ndxf7 Rxf7 15. Bh3 Bd7 16. a5 e5 17. axb6 Bxh3 18. b7 {0-1 (74) Carlsen,M (2876)-Vachier Lagrave,M (2723) Stavanger 2015}) 7... Nc6 8. f4 Be7 {LiveBook: 4 Games} 9. Nd2 $146 {The position is equal.} ({Predecessor:} 9. Be3 Nd7 10. f5 e5 11. Nc3 Nd4 12. Bxd4 cxd4 13. Nxb5 O-O 14. Nf3 Qb6 {1-0 (29) Grabliauskas,V (2322)-Ghaem Maghami,E (2594) Mashhad 2016}) 9... Qb6 10. Kh1 h6 11. f5 e5 $1 12. a4 b4 ({Black should play} 12... a6 $1 $15) 13. Nc4 $11 Qc7 14. Ne3 Na5 15. Nd5 Bxd5 16. exd5 c4 $1 17. dxc4 Nxc4 18. b3 Nb6 19. a5 $1 {[%cal Ra5b6]} Nbd7 20. Nf3 $1 O-O 21. Nd2 Rab8 22. Nc4 Rb5 23. Rf2 Nc5 {Threatening ...Nce4.} 24. Bb2 Nfd7 25. Qf1 {Strongly threatening Nxe5.} Rfb8 26. Rd1 a6 27. Bc1 (27. f6 $11 Nxf6 28. Bxe5 dxe5 29. d6 Bxd6 30. Rxf6 gxf6 31. Rxd6) 27... Nb7 ({Better is} 27... Nf6 $15 28. Qe1 Nb7) 28. Be3 (28. Bxh6 {is more complex.} gxh6 29. f6 Bf8 30. Qe2 e4 31. Qh5) 28... Nxa5 29. Nxa5 (29. Nd2 $1 $11 {remains equal.}) 29... Rxa5 $17 ({Of course not} 29... Qxa5 $6 30. Ra1 $11) 30. f6 (30. Re2 $17 {might work better.}) 30... Nxf6 $19 31. Rxf6 $2 {[#]} (31. h3) 31... Bxf6 32. Be4 Qe7 33. Bxh6 (33. Qc4 $142) 33... gxh6 {Black is clearly winning.} 34. Qf5 Bg7 35. Rf1 Rc5 36. Qh7+ Kf8 37. Bg6 Rb7 {Precision: White = 27%, Black = 59%.} 0-1

[Event "IOM Open-Masters 2017"]
[Site "Douglas"]
[Date "2017.09.24"]
[Round "2"]
[White "Rudolf, Anna"]
[Black "Acosta, Mariano"]
[Result "1-0"]
[WhiteElo "2286"]
[BlackElo "1988"]
[Annotator "ChessBase"]
[PlyCount "155"]
[EventDate "2017.??.??"]
[EventType "swiss"]
[EventCountry "GBR"]
[SourceTitle "playchess.com"]
[Source "ChessBase"]
[SourceQuality "1"]
[TimeControl "40/6000+30:20/3000+30:900+30"]

1. e4 e5 2. Nc3 Bc5 3. g3 d6 4. Bg2 a6 5. d3 Nc6 6. f4 exf4 7. Bxf4 Nge7 8. Qd2 Ng6 9. Bg5 f6 10. Be3 Bxe3 11. Qxe3 O-O 12. O-O-O Re8 13. h4 Nge5 14. h5 h6 15. d4 Nf7 16. Qf4 Ng5 17. Nf3 Nxf3 18. Bxf3 Rf8 19. g4 Ne7 20. d5 Bd7 21. Ne2 Kh8 22. Nd4 Qe8 23. Be2 Nc8 24. Nf3 Kg8 25. Bd3 Rf7 26. Rhg1 b5 27. Qd2 Nb6 28. e5 dxe5 29. Bg6 Nc4 30. Qc3 Rc8 31. Nd2 Nd6 32. Qd3 Qe7 33. Bxf7+ Qxf7 34. Kb1 Rd8 35. Ne4 Bc8 36. Nc5 a5 37. a3 Qe8 38. Ne4 Bb7 39. Nxd6 Rxd6 40. Qc3 Qd7 41. Qxa5 Bxd5 42. Kc1 Bf3 43. Rxd6 cxd6 44. Qb4 d5 45. b3 d4 46. a4 bxa4 47. bxa4 Bxg4 48. a5 Bf3 49. a6 Kh7 50. Qa3 Be4 51. Re1 Bd5 52. Qc5 Ba8 53. Kb2 Qc6 54. Qxc6 Bxc6 55. Kb3 g6 56. Kc4 gxh5 57. Kc5 Ba8 58. Rg1 h4 59. Rg4 h5 60. Rxh4 Kg6 61. Rh3 Kg5 62. Rg3+ Kf4 63. Rg8 Be4 64. a7 h4 65. a8=Q Bxa8 66. Rxa8 h3 67. Rh8 Kg3 68. Rg8+ Kf4 69. Rf8 Ke4 70. Rxf6 h2 71. Rh6 d3 72. Rh4+ Ke3 73. Rh3+ Kd2 74. cxd3 h1=Q 75. Rxh1 Kxd3 76. Rd1+ Ke2 77. Rd5 e4 78. Kd4 1-0

[Event "IOM Open-Masters 2017"]
[Site "Douglas"]
[Date "2017.09.24"]
[Round "2"]
[White "Yoo, Christopher Woojin"]
[Black "Bogner, Sebastian"]
[Result "0-1"]
[WhiteElo "2254"]
[BlackElo "2599"]
[Annotator "TA"]
[PlyCount "104"]
[EventDate "2017.??.??"]
[EventType "swiss"]
[EventCountry "GBR"]
[SourceTitle "playchess.com"]
[Source "ChessBase"]
[SourceQuality "1"]

{[%evp 25,104,0,0,-20,-23,-85,-79,-77,-89,-71,0,0,26,-86,-40,-172,-184,-156,-133,-146,-175,-154,-185,-224,-99,-110,-117,-108,-120,-114,-125,-108,-121,-122,-126,-116,-109,-129,-120,-145,-141,-175,-163,-192,-184,-233,-233,-219,-224,-264,-300,-290,-298,-366,-365,-323,-328,-335,-380,-656,-629,-4646,-3758,-3725,-1797,-1502,-1103,-29966,-29967,-29965,-29966,-29970,-29970,-29982,-29945,-29983,-29984,-29984,-29985,-29985,-29986]} 1. e4 c5 2. Nf3 d6 3. d4 cxd4 4. Nxd4 Nf6 5. Nc3 a6 6. f3 e5 7. Nb3 Be6 8. Be3 h5 9. Qd2 Nbd7 10. Nd5 {B90: Sicilian Najdorf: Unusual White 6th moves, 6 Be3 Ng4 and 6 Be3 e5} Bxd5 11. exd5 g6 12. Na5 (12. Be2 Bg7 13. O-O b6 14. c4 O-O 15. Rac1 a5 16. Qd1 a4 17. Nd2 Nc5 {0-1 (46) Topalov,V (2749)-Vachier Lagrave,M (2796) Paris 2017}) 12... Qc7 13. c4 Bg7 {LiveBook: 13 Games} 14. h3 $146 ({Predecessor:} 14. Be2 e4 15. O-O exf3 16. gxf3 O-O 17. Rac1 Rfe8 18. b4 Re7 19. c5 Nxd5 20. Qxd5 Rxe3 21. Bc4 Nf6 22. Qxd6 {½-½ (22) Kalezic,B (2415)-Djukic,N (2538) Petrovac 2015}) 14... h4 15. Rc1 (15. O-O-O $11) 15... Nh5 $1 $17 16. c5 dxc5 (16... Nxc5 $6 17. b4 $14) 17. d6 Qb8 (17... Qc8 $1 $17 18. Bc4 Ng3) 18. b4 $1 $11 {[%cal Rb4c5]} b6 19. bxc5 (19. Nc6 $11 {was the only way to keep the balance.} Qb7 20. Ne7 (20. bxc5 Qxc6 21. cxb6 Qa4 $11)) 19... bxc5 20. Nb3 (20. Nc6 $15 Qb7 21. Na5) 20... Ng3 $19 21. Nxc5 Nxc5 (21... Nxh1 $2 {too greedy.} 22. Nxd7 Kxd7 23. Qd5 $18) 22. Bxc5 O-O 23. Rg1 Nf5 24. Qb4 Qxb4+ (24... Qd8 $1 $19 {has better winning chances. Strongly threatening ...Rb8.} 25. Rd1 e4 $1 {[%mdl 512]}) 25. Bxb4 $17 Bh6 26. Bd2 Bxd2+ 27. Kxd2 Rfd8 $36 {[%mdl 2048] White is under strong pressure.} 28. Rc6 Rxd6+ 29. Rxd6 Nxd6 {[%mdl 4096] Endgame KRB-KRN} 30. Bd3 a5 31. Rb1 Rc8 32. a4 Kf8 33. Ke2 Ke7 34. Rb6 f5 $1 35. Ra6 {[#]} e4 $1 {[%cal Re4d3]} 36. fxe4 fxe4 37. Bb5 Rc2+ 38. Ke3 Rxg2 39. Rxa5 Kf6 40. Bf1 Rg3+ 41. Kd4 {intending Ra6.} Rf3 42. Be2 $2 {[#]} (42. Bb5 Kg5 43. Ke5 Nc4+ 44. Bxc4 Rf5+ 45. Kxe4 Rxa5 46. Bb5) 42... Nf5+ $1 $19 43. Rxf5+ Rxf5 (43... Kxf5 $2 {perishes.} 44. Bxf3 exf3 45. Ke3 $18) 44. Kxe4 {KR-KB} g5 45. Ke3 Rf4 46. Bd1 Ke5 {Black mates.} 47. a5 Rc4 48. Kf3 Rc3+ 49. Kg4 Rg3+ 50. Kh5 Kf4 51. a6 Rxh3 52. Be2 Ra3 {Precision: White = 21%, Black = 80%.} 0-1

[Event "IOM Open-Masters 2017"]
[Site "Douglas"]
[Date "2017.09.24"]
[Round "2"]
[White "Watson, John"]
[Black "Kosteniuk, Alexandra"]
[Result "0-1"]
[WhiteElo "2247"]
[BlackElo "2552"]
[Annotator "TA"]
[PlyCount "66"]
[EventDate "2017.??.??"]
[EventType "swiss"]
[EventCountry "GBR"]
[SourceTitle "playchess.com"]
[Source "ChessBase"]
[SourceQuality "1"]

{[%evp 20,66,29,8,20,14,19,14,29,0,14,0,26,0,22,12,14,24,39,15,11,0,0,-16,0,-31,4,-78,0,-66,-59,-100,-106,-147,-130,-185,-107,-104,-107,-118,-67,-93,-84,-139,-138,-185,-185,-421,-416]} 1. d4 Nf6 2. c4 e6 3. Nc3 Bb4 4. e3 O-O 5. Bd3 d5 6. Nf3 b6 7. a3 Bxc3+ 8. bxc3 dxc4 9. Bxc4 c5 10. O-O Qc7 11. Bd3 Bb7 {E54: Nimzo-Indian: Rubinstein: Main Line: 7...dxc4 8 Bxc4} 12. c4 Nbd7 13. Bb2 Rac8 {[#] The position is equal.} 14. Rc1 $146 ({Predecessor:} 14. h3 cxd4 15. exd4 Be4 16. Rc1 Bxd3 17. Qxd3 Qb7 18. a4 {½-½ (18) Romanov,E (2635)-Quparadze,G (2442) Tbilisi 2016}) 14... Rfd8 15. Qe2 h6 16. h3 cxd4 17. exd4 Qf4 18. Nd2 Qh4 19. Kh2 Qh5 20. Qxh5 (20. Rfd1 {looks sharper.} Qxe2 21. Bxe2 Bc6 22. Nf1 Nf8 23. Ne3) 20... Nxh5 21. g3 Nhf6 22. f4 Rc7 (22... Nc5 $5 {[%cal Rc5d3]} 23. Bb1 Nfe4 24. Nxe4 Nxe4 $15) 23. Nf3 {[#]} (23. Rfe1 $11) 23... Ba6 (23... Nc5 $1 $17 {[%mdl 512]} 24. Bc2 (24. dxc5 Rxd3) 24... Nce4) 24. a4 (24. Rfd1 $11) 24... Nc5 $15 25. Be2 Nb3 26. Rc2 {[#]} Nd5 $1 $36 {[%mdl 2560] aiming for ...Ne3. Black has strong initiative.} 27. Rb1 (27. Rf2 $17) (27. cxd5 Rxc2) 27... Nb4 (27... Na5 $19 {[%cal Ra6c4]} 28. Nd2 Rdc8) 28. Rc3 $17 Na5 $1 29. Ba1 {[#]} Nbc6 (29... Nd5 $1 $17 {[%cal Rd5c3][%mdl 512]} 30. cxd5 Rxc3 31. Bxc3 Bxe2) 30. Rc2 Ne7 31. Nd2 ({White should try} 31. Ne5) 31... Nf5 32. Nf3 {[#]} Bb7 $1 {[%cal Rb7e4] White must now prevent ...Be4.} ({But not} 32... Bxc4 33. Nd2 $17) ({Don't do} 32... Nxc4 33. Rbc1 $17) 33. c5 $2 (33. Nd2) 33... Be4 {Precision: White = 16%, Black = 39%.} 0-1

[Event "IOM Open-Masters 2017"]
[Site "Douglas"]
[Date "2017.09.24"]
[Round "2"]
[White "Osmanodja, Filiz"]
[Black "Tregubov, Pavel V"]
[Result "0-1"]
[WhiteElo "2245"]
[BlackElo "2589"]
[Annotator "TA"]
[PlyCount "112"]
[EventDate "2017.??.??"]
[EventType "swiss"]
[EventCountry "GBR"]
[SourceTitle "playchess.com"]
[Source "ChessBase"]
[SourceQuality "1"]

{[%evp 17,112,10,40,21,51,12,22,18,38,-32,-16,-63,-43,-55,-50,-132,-137,-201,-192,-207,-207,-206,-190,-181,-177,-190,-197,-183,-183,-261,-239,-260,-241,-255,-254,-335,-341,-285,-185,-179,-184,-190,-184,-176,-176,-177,-176,-179,-183,-181,-174,-169,-168,-227,-220,-215,-216,-214,-220,-215,-216,-297,-297,-297,-297,-297,-297,-275,-258,-409,-398,-461,-467,-400,-381,-430,-389,-695,-637,-1051,-735,-702,-668,-569,-538,-1051,-1051,-1018,-999,-950,-808,-792,-758,-661,-599,-592,-574]} 1. e4 c5 2. Nc3 g6 3. Nf3 Bg7 4. d4 cxd4 5. Nxd4 Nc6 6. Nb3 Nf6 7. Be2 O-O 8. O-O d6 9. Bg5 h6 10. Bh4 {B70: Sicilian Dragon: 6 g3 and 6 Be2 (without a later Be3)} (10. Be3 b6 11. Qd2 Kh7 12. f4 Bb7 13. Rad1 Rc8 14. Bf3 Qc7 15. Qf2 Qb8 16. a3 e6 17. Qh4 Ne7 {1-0 (48) Najer,E (2653)-Lu,S (2546) Dubai 2014}) 10... b6 11. f4 Bb7 12. Bf3 {The position is equal.} Re8 $146 ({Predecessor:} 12... Qc8 13. Nd5 Rd8 14. Nxf6+ exf6 15. Bg4 Qc7 16. Bg3 Ne7 {1-0 (34) Castellet Menchon,D (2080)-Muratet Carmona,A (1901) Barcelona 2014}) 13. Qe2 ({White should try} 13. Qd2 $14) 13... e5 $15 14. g3 Nd4 $36 {[%mdl 2048] Black has some pressure.} 15. Nxd4 exd4 16. Nd1 (16. Nb5 $15) 16... Bxe4 $17 17. Bxe4 (17. Nf2 $17 Bxf3 18. Qxf3) 17... d5 $1 $19 {[%cal Bd6d5,Bd5e4,Be4e3][%mdl 32]} ({Not} 17... Rxe4 18. Qxe4 $1 {[%mdl 512]} Nxe4 19. Bxd8 $16) 18. Nf2 dxe4 19. Rae1 {[%cal Rf2e4]} e3 20. Ng4 h5 21. Ne5 Qd5 {White must now prevent ...Ne4.} 22. Bxf6 Bxf6 23. Nd3 (23. Qf3 {was called for.} Qxf3 24. Nxf3) 23... Qf5 ({Don't do} 23... Qxa2 24. f5 $19) 24. Qg2 Rac8 25. h3 Kg7 26. g4 hxg4 27. hxg4 Qe4 28. Qxe4 Rxe4 29. Re2 g5 30. Kg2 Rh8 31. Kf3 Ree8 32. fxg5 Bxg5 33. Nf4 Bxf4 34. Kxf4 {[%mdl 4096] Endgame KRR-KRR} Rh6 {aiming for ...Rf6+.} 35. Rd1 (35. Kg3 $142) 35... Rf6+ 36. Kg3 {[#]} Re4 $1 37. c3 dxc3 38. bxc3 Rg6 39. Rd3 Rgxg4+ 40. Kf3 Ref4+ 41. Kxe3 Re4+ 42. Kf3 Rxe2 43. Kxg4 (43. Kxe2 $142 Rg2+ 44. Ke3) 43... Rxa2 {KR-KR} 44. Rd7 Ra4+ 45. Kf5 Rc4 46. Rxa7 Rxc3 47. Rb7 $2 (47. Ke5 Rc5+ 48. Kd4) 47... Rb3 {Black is clearly winning.} 48. Kg5 Rb5+ 49. Kf4 Kg6 50. Rb8 Rb4+ 51. Ke5 f6+ 52. Ke6 Re4+ 53. Kd5 Re5+ 54. Kd4 b5 55. Rg8+ Kf5 56. Rb8 Kf4 {Precision: White = 43%, Black = 85%.} 0-1